Norge på ulike språk - Statistics

General Stats
  • This quiz has been taken 79 times
    71 since last reset
  • The average score is 15 of 57
Answer Stats
Språk Land Norge % Correct
Dansk Norge
97%
Grønlandsk Norge
97%
Norsk bokmål Norge
97%
Svensk Norge
97%
Engelsk Norway
95%
Hausa Niger, Nigeria m.fl. Norway
95%
Somali Norway
95%
Færøysk Noreg
67%
Norsk nynorsk Noreg
67%
Tysk Norwegen
53%
Mongolsk Norvegi
47%
Katalansk Noruega
40%
Portugisisk Noruega
40%
Spansk Noruega
40%
Fransk Norvège
40%
Baskisk Spania, Frankrike Norvegia
36%
Gresk Norvegia
36%
Italiensk Norvegia
36%
Rumensk Norvegia
36%
Ungarsk Norvègia
36%
Bahasa Indonesia, Malaysia Norwegia
33%
Polsk Norwegia
33%
Nordsamisk Norga
29%
Finsk Norja
22%
Darerin Naoero Nauru Norwei
17%
Swahili Tanzania, Kenya m.fl. Norwei
17%
Estisk Norra
12%
Nederlandsk Noorwegen
10%
Afrikaans Sør-Afrika Noorweë
5%
Slovakisk Nórsko
5%
Tsjekkisk Norsko
5%
Kazakh Norvegija
5%
Latvisk Norvēģija
5%
Litauisk Norvegija
5%
Russisk Norvegija
5%
Kroatisk Norveška
5%
Slovensk Norveška
5%
Aserbajdjansk Norveç
3%
Tyrkisk Norveç
3%
Hawaiisk Nolewai
2%
Maltesisk Norveġja
2%
Makedonsk Norvesjka
2%
Serbisk Norvesjka
2%
Haitisk Nòvèj
2%
Mandarin Kina Nuówēi
2%
Jamaicansk kreol Naawie
0%
Vietnamesisk Na Uy
0%
Tongansk Noaue
0%
Skotsk Norawa
0%
Tahitisk Noruvetia
0%
Tagalog Filippinene Noruwega
0%
Guianan Creolo Fransk Guyana Norvèj
0%
Tajikisk Norvezh
0%
Kurdisk Norwêc
0%
Tukmensk Norwegjýa
0%
Samoansk Samoa, Am. Samoa Nouei
0%
Javanesisk Indonesia Nurwègen
0%
No matching quizzes found
Score Distribution
Percent of People with Each Score
Percentile by Number Answered
Your Score History
You have not taken this quiz since the last reset